<?xml version="1.0" encoding="UTF-8"?>
<record
    xmlns:xsi="http://www.w3.org/2001/XMLSchema-instance"
    xsi:schemaLocation="http://www.loc.gov/MARC21/slim http://www.loc.gov/standards/marcxml/schema/MARC21slim.xsd"
    xmlns="http://www.loc.gov/MARC21/slim">

  <leader>00967cam a2200313   4500</leader>
  <datafield tag="999" ind1=" " ind2=" ">
    <subfield code="c">7309</subfield>
    <subfield code="d">7309</subfield>
  </datafield>
  <controlfield tag="001">694567</controlfield>
  <controlfield tag="003">YEEZEN</controlfield>
  <controlfield tag="005">20221117093634.0</controlfield>
  <controlfield tag="008">220426s2021    ch a   b      000 j chi d</controlfield>
  <datafield tag="020" ind1=" " ind2=" ">
    <subfield code="a">9789811801990</subfield>
    <subfield code="q">(&#x5E73;&#x88DD;) :</subfield>
    <subfield code="c">&#x8D08;&#x95B1;</subfield>
  </datafield>
  <datafield tag="040" ind1=" " ind2=" ">
    <subfield code="a">TWNTU</subfield>
    <subfield code="b">chi</subfield>
    <subfield code="e">ccr</subfield>
    <subfield code="c">.</subfield>
  </datafield>
  <datafield tag="041" ind1="1" ind2=" ">
    <subfield code="a">chi</subfield>
    <subfield code="h">eng</subfield>
  </datafield>
  <datafield tag="042" ind1=" " ind2=" ">
    <subfield code="a">nbic</subfield>
  </datafield>
  <datafield tag="066" ind1=" " ind2=" ">
    <subfield code="c">$1</subfield>
  </datafield>
  <datafield tag="084" ind1=" " ind2=" ">
    <subfield code="a">241.38</subfield>
    <subfield code="b">4481</subfield>
    <subfield code="2">ncsclt</subfield>
  </datafield>
  <datafield tag="099" ind1=" " ind2=" ">
    <subfield code="a">861</subfield>
  </datafield>
  <datafield tag="100" ind1="1" ind2=" ">
    <subfield code="a">&#x6797;&#x7F8E;&#x73B2;</subfield>
    <subfield code="c">(Lim, Mei Ling Emily)</subfield>
  </datafield>
  <datafield tag="245" ind1="1" ind2="0">
    <subfield code="a">&#x90A6;&#x5C3C;&#x4E0D;&#x5B64;&#x55AE; : </subfield>
    <subfield code="b">&#x50B3;&#x9053;&#x66F8;&#x7B2C;4&#x7AE0; / </subfield>
    <subfield code="c">&#x6797;&#x7F8E;&#x73B2;&#x8457; ; &#x5C3C;&#x723E;.&#x590F;&#x666E;(Neal Sharp)&#x7E6A; ; &#x738B;&#x601D;&#x6DF3;&#x8B6F;</subfield>
  </datafield>
  <datafield tag="246" ind1="3" ind2=" ">
    <subfield code="a">&#x50B3;&#x9053;&#x66F8;&#x7B2C;&#x56DB;&#x7AE0;</subfield>
  </datafield>
  <datafield tag="246" ind1="3" ind2="0">
    <subfield code="a">&#x50B3;&#x9053;&#x66F8;&#x7B2C;4&#x7AE0;</subfield>
  </datafield>
  <datafield tag="250" ind1=" " ind2=" ">
    <subfield code="a">&#x521D;&#x7248;</subfield>
  </datafield>
  <datafield tag="260" ind1=" " ind2=" ">
    <subfield code="a">&#x81FA;&#x5317;&#x5E02; : </subfield>
    <subfield code="b">&#x57FA;&#x7763;&#x6559;&#x771F;&#x7406;&#x6587;&#x5316;&#x50B3;&#x64AD;&#x57FA;&#x91D1;&#x6703;, </subfield>
    <subfield code="c">2021.11.</subfield>
  </datafield>
  <datafield tag="300" ind1=" " ind2=" ">
    <subfield code="a">[34]&#x9762; : </subfield>
    <subfield code="b">&#x5F69;&#x5716; ; </subfield>
    <subfield code="c">19 x 24&#x516C;&#x5206;</subfield>
  </datafield>
  <datafield tag="490" ind1="1" ind2=" ">
    <subfield code="a">&#x9748;&#x547D;&#x65E5;&#x7CE7;&#x5152;&#x7AE5;&#x6750;&#x6599;</subfield>
  </datafield>
  <datafield tag="650" ind1=" " ind2="7">
    <subfield code="a">&#x57FA;&#x7763;&#x6559;</subfield>
    <subfield code="2">lcstt.</subfield>
  </datafield>
  <datafield tag="650" ind1=" " ind2="7">
    <subfield code="a">&#x901A;&#x4FD7;&#x4F5C;&#x54C1;</subfield>
    <subfield code="2">lcstt.</subfield>
  </datafield>
  <datafield tag="700" ind1="1" ind2=" ">
    <subfield code="a">Sharp, Neal.</subfield>
  </datafield>
  <datafield tag="700" ind1="1" ind2=" ">
    <subfield code="a">&#x590F;&#x666E;</subfield>
    <subfield code="c">(Sharp, Neal)</subfield>
  </datafield>
  <datafield tag="700" ind1="1" ind2=" ">
    <subfield code="a">&#x738B;&#x601D;&#x6DF3;</subfield>
  </datafield>
  <datafield tag="700" ind1=" " ind2=" ">
    <subfield code="a">Lim, Mei Ling Emily.</subfield>
  </datafield>
  <datafield tag="942" ind1=" " ind2=" ">
    <subfield code="2">ccl</subfield>
    <subfield code="c">BOOK</subfield>
  </datafield>
  <datafield tag="952" ind1=" " ind2=" ">
    <subfield code="0">0</subfield>
    <subfield code="1">0</subfield>
    <subfield code="2">ccl</subfield>
    <subfield code="4">0</subfield>
    <subfield code="7">0</subfield>
    <subfield code="a">yeezen</subfield>
    <subfield code="b">yeezen</subfield>
    <subfield code="c">YEEZEN</subfield>
    <subfield code="d">2022-11-17</subfield>
    <subfield code="l">4</subfield>
    <subfield code="m">1</subfield>
    <subfield code="o">241.38 </subfield>
    <subfield code="p">C02881</subfield>
    <subfield code="r">2025-04-01 00:00:00</subfield>
    <subfield code="s">2025-03-18</subfield>
    <subfield code="w">2022-11-17</subfield>
    <subfield code="y">BOOK</subfield>
    <subfield code="z">&#x4ECA;&#x5E74;&#x6211;&#x5011;&#x5373;&#x5C07;&#x63A8;&#x51FA;&#x9748;&#x547D;&#x65E5;&#x7CE7;&#x5152;&#x7AE5;&#x7E6A;&#x672C;&#x300A;&#x90A6;&#x5C3C;&#x4E0D;&#x5B64;&#x55AE;&#x300B;&#xFF0C;&#x5B83;&#x4EE5;&#x50B3;&#x9053;&#x66F8;4&#x7AE0;9-10&#x7BC0;&#x70BA;&#x4E3B;&#xFF0C;&#x8B1B;&#x8FF0;&#x4E00;&#x96BB;&#x53EB;&#x90A6;&#x5C3C;&#x7684;&#x73A9;&#x5076;&#x5154;&#x5154;&#xFF0C;&#x70BA;&#x4E86;&#x8B93;&#x8EDF;&#x8DB4;&#x8DB4;&#x7684;&#x8EAB;&#x9AD4;&#x6062;&#x5FA9;&#xFF0C;&#x4ED6;&#x60F3;&#x76E1;&#x4E00;&#x5207;&#x8FA6;&#x6CD5;&#x5C07;&#x5404;&#x7A2E;&#x7269;&#x8CEA;&#x585E;&#x9032;&#x81EA;&#x5DF1;&#x7684;&#x8EAB;&#x9AD4;&#xFF0C;&#x4F46;&#x90FD;&#x65BC;&#x4E8B;&#x7121;&#x88DC;&#x3002;&#x6700;&#x5F8C;&#xFF0C;&#x900F;&#x904E;&#x8EAB;&#x908A;&#x4E00;&#x7FA4;&#x597D;&#x670B;&#x53CB;&#xFF0C;&#x9858;&#x610F;&#x5C07;&#x81EA;&#x5DF1;&#x8EAB;&#x4E0A;&#x7684;&#x4E9B;&#x8A31;&#x586B;&#x5145;&#x7269;&#x5206;&#x7D66;&#x90A6;&#x5C3C;&#xFF0C;&#x4ED6;&#x4E0D;&#x53EA;&#x8EAB;&#x9AD4;&#x6062;&#x5FA9;&#x539F;&#x4F86;&#x7684;&#x84EC;&#x9B06;&#x98FD;&#x6EFF;&#xFF0C;&#x4E5F;&#x611F;&#x53D7;&#x5230;&#x5145;&#x6EFF;&#x611B;&#x7684;&#x6EAB;&#x6696;&#x3002;</subfield>
  </datafield>
</record>
